Hraničný prechod. Sprevádza ma

Bibliographic Details
Main Author: Weinberger, Hannes (Author)
Other Authors: Richter, Milan, 1948- (Translator)
Format: Article
Language:Slovak
Subjects:

MARC

LEADER 00000nab a2200000 a 4500
001 vtls000443636
003 SK-MaSNL
005 20260304001146.0
008 230313c1991 xo 0 slo
015 |a SNBRB19rr/mm-uuuuu 
035 |a CL0443766 
035 |a urn:nbn:sk:snk-abbmi0 
035 |a (urnnbn)urn:nbn:sk:snk:ar-002q28 
035 |a (uuid)7b19b9c0-53ac-49de-91e5-954f62fb7995 
040 |a SNKBUCL  |b slo  |c SNKBUCL  |e AACR2 
041 0 |a slo 
044 |a xo  |c SK 
080 |a 830 (436)-1  |2 1981 
100 1 |a Weinberger, Hannes  |4 aut  |9 1277414 
245 1 0 |a Hraničný prechod. Sprevádza ma  |c Hannes Weinberger ; Milan Richter 
500 |a Inform. o autorovi na s. 24. 
650 0 7 |a básne reflexívne  |2 snkbucl  |9 898242 
655 7 |a články z novín a časopisov  |2 snkbucl  |9 267496 
655 7 |a články z odboru literárna veda a krásna literatúra  |2 snkbucl  |9 770045 
700 1 |a Richter, Milan,  |d 1948-  |4 trl  |9 92608 
773 0 |t Dotyky  |g Roč. 3, č. 10 (1991), s. 22 
850 |a Slovenská národná knižnica v Martine  |a MTA001 
852 |a SNK  |b KIS3GCP 
958 |a RK 
958 |a LX 
958 |a OND 
958 |a EUIPO 
958 |a article15 
992 |a RBX 
999 |c 2535021  |d 2536951